000 00554nam a2200217Ia 4500
003 OSt
005 20220924143233.0
006 a|||||r|||| 00| 0
007 ta
008 220923b |||||||| |||| 00| 0 urd d
024 _a307383
037 _cTextual
040 _aARTS
_cARTS
_burd
041 _2urd
_aurd
082 _aV44Q7a,N79, 168M2
100 _aShafiunnisa
_9215167
245 0 _aPakistan kitabiyati ishria
260 _c1982
942 _hV44Q7a,N79, 168M2
_cTEXL
_2CC
999 _c453742
_d453742